000 00765cam a22002291 4500
001 gs 66000070
003 DLC
005 20260227111418.0
008 780525s1965 onc b f000 0 eng c
010 _ags 66000070
035 _a(OCoLC)3928253
040 _aU.S. Geol. Survey. Libr.
_cOAkU
_dDLC
042 _apremarc
050 0 0 _aZ6034.C19
_bA517
110 2 _aGeological Survey of Canada
245 1 0 _aIndex to reports of Geological Survey of Canada from 1951-59.
_cCompiled by J. F. Wright.
260 _a[Ottawa]
_bDept. of Mines and Technical Surveys,
_c1965.
300 _axii, 379 p.
_c25 cm.
650 0 _aGeology
_zCanada
_vBibliography.
610 2 0 _aGeological Survey of Canada
_vBibliography.
700 1 _aWright, J. F.
_q(John Frank),
_d1894-1974.
999 _c30184
_d30184